Normal view
MARC view
- Santiram,Kal
Entry Personal Name
001 - CONTROL NUMBER
- control field: 763
003 - CONTROL NUMBER IDENTIFIER
- control field: OSt
005 - DATE AND TIME OF LATEST TRANSACTION
- control field: 20160704143111.0
008 - FIXED-LENGTH DATA ELEMENTS
- fixed length control field: 160704|| aca||aabn | a|a d
040 ## - CATALOGING SOURCE
- Original cataloging agency: OSt
- Transcribing agency: OSt
100 ## - HEADING--PERSONAL NAME
- Personal name: Santiram,Kal
670 ## - SOURCE DATA FOUND
- Source citation: Work cat.: (OSt): Santiram,Kal, Basic Electronics:Devices, Circuits and IT Fundamentals, 2013
